[Event "CRO-Cup 20th"]
[Site "Sibenik"]
[Date "2011.05.19"]
[Round "2.102"]
[White "Dugandzic, Boris"]
[Black "Draganic, Stjepan"]
[Result "1/2-1/2"]
[WhiteElo "2234"]
[BlackElo "2182"]
[PlyCount "114"]
[EventDate "2011.05.18"]
[EventType "team-swiss"]
[EventRounds "6"]
[EventCountry "CRO"]
[SourceTitle "CBM 142 Extra"]
[Source "ChessBase"]
[SourceDate "2011.06.27"]
[SourceVersion "1"]
[SourceVersionDate "2011.06.27"]
[SourceQuality "1"]
[WhiteTeam "Samobor"]
[BlackTeam "Krapina"]
[WhiteTeamCountry "CRO"]
[BlackTeamCountry "CRO"]

1. Nf3 g6 2. g3 Bg7 3. Bg2 c6 4. d4 d5 5. 0-0 Bg4 6. h3 Bxf3 7. Bxf3 Nd7 8. Bg2 f5 9. c4 e6 10. b3 Ngf6 11. e3 0-0 12. Nc3 Ne4 13. Ne2 Re8 14. Bb2 a6 15. Qd3 h6 16. f3 Nef6 17. Nc3 b5 18. e4 dxc4 19. Qe2 Nh5 20. Qf2 Nc5 21. Rad1 Nd3 22. Rxd3 cxd3 23. e5 Rc8 24. f4 Bf8 25. Bf3 Ng7 26. Rd1 Bb4 27. Rxd3 Re7 28. Ne2 Rd7 29. a3 Ba5 30. b4 Bb6 31. Qg2 Rdc7 32. Kh2 a5 33. Bc3 axb4 34. axb4 c5 35. bxc5 Bxc5 36. Ba5 Qd7 37. Bxc7 Rxc7 38. Rc3 Bf8 39. d5 Rxc3 40. Nxc3 b4 41. dxe6 Nxe6 42. Nd5 Kg7 43. Nf6 Qd4 44. Qa2 Bc5 45. h4 Qg1+ 46. Kh3 Bf2 47. Bg2 Bxg3 48. Kxg3 Qe3+ 49. Kh2 Qxf4+ 50. Kg1 Qd4+ 51. Kf1 Qxe5 52. Nd5 Nf4 53. Qa7+ Kh8 54. Qa8+ Kg7 55. Qb7+ Kh8 56. Qc8+ Kg7 57. Qd7+ Kh8 1/2-1/2

[Event "CRO-Cup 20th"]
[Site "Sibenik"]
[Date "2011.05.18"]
[Round "1.102"]
[White "Draganic, Stjepan"]
[Black "Ascic, Pero"]
[Result "0-1"]
[WhiteElo "2182"]
[BlackElo "2303"]
[PlyCount "102"]
[EventDate "2011.05.18"]
[EventType "team-swiss"]
[EventRounds "6"]
[EventCountry "CRO"]
[SourceTitle "CBM 142 Extra"]
[Source "ChessBase"]
[SourceDate "2011.06.27"]
[SourceVersion "1"]
[SourceVersionDate "2011.06.27"]
[SourceQuality "1"]
[WhiteTeam "Krapina"]
[BlackTeam "Djakovo"]
[WhiteTeamCountry "CRO"]
[BlackTeamCountry "CRO"]

1. d4 Nf6 2. c3 d5 3. Bf4 Bf5 4. e3 Nbd7 5. Nf3 e6 6. Bd3 Ne4 7. Qc2 g5 8. Be5 Rg8 9. Nfd2 Nxe5 10. dxe5 Nxd2 11. Nxd2 Bg6 12. 0-0-0 c6 13. g3 Qb6 14. h4 g4 15. h5 Bxd3 16. Qxd3 h6 17. Qd4 Rg5 18. Rh4 c5 19. Qa4+ Qc6 20. Qxc6+ bxc6 21. Nf1 Rxe5 22. Nh2 f5 23. Nf1 a5 24. Nd2 a4 25. Kc2 c4 26. Rb1 Bc5 27. Rhh1 Ke7 28. b3 axb3+ 29. axb3 Ra2+ 30. Rb2 Rxb2+ 31. Kxb2 Bxe3 32. fxe3 Rxe3 33. Rg1 Re2 34. Kc1 cxb3 35. Nxb3 Kd6 36. Nd4 Rf2 37. Kd1 c5 38. Ne2 e5 39. Kd2 Rh2 40. Ra1 Rxh5 41. Ra6+ Kd7 42. Rf6 c4 43. Ke3 Ke7 44. Ra6 Rh1 45. Ra7+ Kd6 46. Ra6+ Kc5 47. Re6 d4+ 48. cxd4+ exd4+ 49. Nxd4 Kd5 50. Re8 f4+ 51. gxf4 Rh3+ 0-1